00356nam a2200133 a 450000500170000000800410001702000150005805000230007310000160009624500450011226000320015730000210018965000120021020140310183259.0050408s19uu xx 00 eng d a0553210904 aPZ 7b.T969pp 1982 aTwain, Mark aThe prince and the pauper /cMark Twain. aUSA :bBantam Books,c1982. a219 p. :c18 cm. aFiction